Statistiques concernant Les plus grosses ventes de l'EA Guingamp

Cliquez ici pour prendre le quiz!

Statistiques générales

  • Ce quiz a été pris 105 fois
  • Le résultat moyen est 8 sur 15

Statistiques - réponses

#SaisonAllant àMontant du transfertRéponse% Correct
219/20Bor. M'gladbach9,00 M€Marcus Thuram
86%
319/20FC Nantes8,00 M€Ludovic Blas
82%
603/04Marseille6,00 M€Didier Drogba
81%
515/16Olympique Lyonnais6,00 M€Claudio Beauvue
78%
1119/20FC Nantes3,00 M€Marcus Coco
74%
818/19Rennes4,00 M€Clément Grenier
58%
903/04Olympique Lyonnais4,00 M€Florent Malouda
57%
413/14Marseille7,50 M€Giannelli Imbula
52%
1514/15Trabzonspor2,50 M€Mustapha Yatabaré
52%
1422/23FC Lorient2,70 M€Yoann Cathline
49%
716/17Benfica4,50 M€Marçal
44%
196/97AS Rome9,60 M€Vincent Candela
23%
1309/10RC Lens3,00 M€Eduardo
14%
1098/99RC Lens3,80 M€Daniel Moreira
7%
1205/06FC Sochaux3,00 M€Moumouni Dagano
5%

Distribution des résultats

Percentile par nombre de réponses

% des personnes avec chaque résultat

Votre développement - résultats

Vous n’avez pas pris ce quiz